000 00218nam a22000857a 4500
008 170607b xxu||||| |||| 00| 0 eng d
100 _93323
_aAnand. U
245 _aBe peapared
260 _aNew Delhi
_bNational Book Trust
_c2003
999 _c6642
_d6642